000 00357nam a2200157Ia 4500
100 _aVenkatesh/K
650 _aInformation technology
942 _cBK
366 _f20
245 _aMarketing of Information technology:Concepts products
260 _bMcGraw Hill
_c2009
082 _a658.4038
_bVEN
300 _a152
546 _aENGLISH
999 _c20302
_d20302